000 00262nam a22001217a 4500
041 _aENG
100 _aChaudhry .H.M
245 _aopen- Channel Flow Second Edition
260 _aDelhi
_bSpringer.
_c2008
300 _a523
650 _aIDE
856 _uIDE ( 44 )
999 _c1571
_d1571